| 000 | 01362nam a22002297i 4500 | ||
|---|---|---|---|
| 999 |
_c23135 _d23135 |
||
| 003 | AR-CdUCM | ||
| 008 | 241115b20182028 pe||||| |||| 00| 0 spa d | ||
| 040 |
_aMUNICIPALIDAD PROVINCIAL DEL CUSCO _cBIBLIOTECA MUNICIPAL DEL CUSCO |
||
| 041 | _hspa | ||
| 082 |
_a869.56632 / V21 _bV21 |
||
| 100 |
_aValenzuela Zea, Waldo _96810 |
||
| 245 | _aPampacóndor / | ||
| 260 |
_aCusco : _c2018 |
||
| 300 |
_a217 páginas. : _c21 cm. |
||
| 505 | _aEl indulto a Pampacóndor en la ciudad de Abancay -- El apelativo de Pampacóndor, como un sello personal en su vida, por siempre -- Curpahuasi, el pueblo donde inicia su vida como torero grauino -- Antabamba, pueblo donde se presenta como un torero de fama -- Pampacóndor en el pueblo de Colquemarca -- El fracaso de un cholo grauino en el matrimonio -- Pampacóndor, torero prisionero en Antabamba -- La marcha de Pampacóndor ante el juez de primera instancia -- La presencia de Pampacóndor en la cárcel de Chuquibambilla-Grau -- La fiesta patronal de San Marcos-Totora-Oropesa -- Las fiestas de Chapimarca-Kaqta -- Persecución y la despedida emotiva de Pampacóndor -- Abancay; la ciudad nada entrañable con Pampacóndor | ||
| 650 |
_aHistoria _950834 |
||
| 650 |
_aNarrativa _967 |
||
| 650 |
_aMemoria colectiva _91121 |
||
| 650 |
_aVivencias _950835 |
||
| 942 |
_2ddc _cLIBROS |
||
| 945 |
_apbj _d15-11-2024 |
||